000 01283nam2a2200301 4500
001 RU\NLR\BIBL_A\022277326
005 20250625182924.0
010 _a978-99975-2-130-9
_93000
035 _a(NLR Aleph) 022277326
090 _a13323108
_c13323108
100 _a20240715d2022 |||y0rusy50 ca
101 0 _atgk
102 _aRU
105 _ay z 000 y
181 0 _ai
_baxxe
182 0 _an
200 1 _aМаснавии маънавӣ
_fМавлоно Ҷалолуддини Балхӣ
203 _aТекст
_bвизуальный
_cнепосредственный
210 _d2022
_aБ. м.
215 _a511 с.
461 0 _1001RU\NLR\BIBL_A\022277160
_12001#$aМаснавии маънавӣ$eТаӽияву тадвини матн бо муқаддима ва луғатномаи мухтасар аз Алии Муӽаммадии Хуросонӣ Баӽриддин Ализода Мубашшир Акбарзод$fМавлоно Ҷалолуддини Балхӣ$iҶилди 1$vТ. 3
_1700#1$aБалхӣ$bМ. Ҷ.
686 1 _aШ5(2=Тадж)
700 1 _aБалхӣ
_bМ. Ҷ.
790 1 _aБалхи
_bМ. Дж.
_f1207-1273
_gМавляна Джаладдина
_4070
852 _aNLR
_bОНЛ
_jТадж./3-6625
942 _cBOOK
980 _aNB